00564nam a2200181Ia 4500003000900000008004100009020001800050040001600068080001800084100001600102245010900118260003300227300001500260650004100275650001800316650003000334700001800364IN-BaIIA211028s9999 xx 000 0 eng d a0-12-407850-8 cIIA Library a523.9:53bKIN aKing, J. W. 0aSolar terrestrial physicscJ. W. King and Newman W. S.  aLondonbAcademic Pressc1967 axii, 390p. aAstronomy and Astrophysics Thesaurus aSolar Physics aSolar Terrestrial Physics aNewman, W. S.